000
00283nam a22001337a 4500
008
170602b xxu||||| |||| 00| 0 eng d
020
_a
0517362341
041
_a
eng
080
_a
93
100
_a
17
101
_a
SHH
245
_a
THE VERY RICH
_c
THORNDIKE, J.J
942
_2
udc
_c
BK
999
_c
15743
_d
15743